|
|
|
|
| LEADER |
00000nam2a2200000 4500 |
| 001 |
279096 |
| 005 |
20231101235158.0 |
| 035 |
|
|
|a (RuTPU)RU\TPU\book\302374
|
| 090 |
|
|
|a 279096
|
| 100 |
|
|
|a 20141216d1986 k y0rusy50 ca
|
| 101 |
0 |
|
|a rus
|
| 102 |
|
|
|a RU
|
| 105 |
|
|
|a y z 100zy
|
| 200 |
0 |
|
|a Ч. 2
|
| 210 |
|
|
|d 1986
|
| 215 |
|
|
|a 108 с.
|
| 461 |
|
1 |
|0 (RuTPU)RU\TPU\book\341378
|t Проблемы оптимизации конструкций и технологических процессов в машиностроении
|o тезисы докладов Всероссийской студенческой научно-технической конференции, 18-20 марта 1986 г., г. Пермь
|o в 2 ч.
|f Пермский политехнический институт (ППИ)
|v Ч. 2
|d 1986
|
| 606 |
1 |
|
|a Машиностроение
|x Математические исследования
|2 stltpush
|3 (RuTPU)RU\TPU\subj\41439
|9 61230
|
| 610 |
1 |
|
|a технологические процессы
|
| 610 |
1 |
|
|a оптимизация
|
| 610 |
1 |
|
|a абразивно-алмазная обработка
|
| 610 |
1 |
|
|a упрочняющая обработка
|
| 610 |
1 |
|
|a резание
|
| 610 |
1 |
|
|a металлы
|
| 610 |
1 |
|
|a обработка давлением
|
| 610 |
1 |
|
|a порошковая металлургия
|
| 610 |
1 |
|
|a композиционные материалы
|
| 610 |
1 |
|
|a покрытия
|
| 610 |
1 |
|
|a термическая обработка
|
| 610 |
1 |
|
|a химико-термическая обработка
|
| 610 |
1 |
|
|a литейные процессы
|
| 610 |
1 |
|
|a сварочное производство
|
| 610 |
1 |
|
|a тезисы докладов
|
| 675 |
|
|
|a 621.002:51(063)
|v 3
|
| 801 |
|
1 |
|a RU
|b 63413507
|c 20141216
|
| 801 |
|
2 |
|a RU
|b 63413507
|c 20160531
|g RCR
|
| 942 |
|
|
|c BK
|